Биологические ресурсы и природные условия Монгольской Народной Республики. Т. 20: Флора Восточного Хангая (МНР) (Запись № 6499301)

Подробности
000 -МАРКЕР
контрольное поле 02727nam2a22003731 4500
001 - ИДЕНТИФИКАТОР ЗАПИСИ
контрольное поле rc\3503964
005 - ИДЕНТИФИКАТОР ВЕРСИИ
контрольное поле 20260406113742.0
021 ## - НОМЕР ГОСУДАРСТВЕННОЙ РЕГИСТРАЦИИ
Код страны Российская Федерация
Номер Рг16213-83
021 ## - НОМЕР ГОСУДАРСТВЕННОЙ РЕГИСТРАЦИИ
Код страны Российская Федерация
Номер 83-42681
035 ## - ДРУГИЕ СИСТЕМНЫЕ НОМЕРА
Идентификатор записи (NLR Aleph) 007677250
100 ## - ДАННЫЕ ОБЩЕЙ ОБРАБОТКИ
Данные общей обработки 20130115d1983 |||y0rusy50 ca
101 0# - ЯЗЫК РЕСУРСА
Язык текста, звукозаписи и т.д. русский
102 ## - СТРАНА ПУБЛИКАЦИИ ИЛИ ПРОИЗВОДСТВА
Страна публикации Российская Федерация
105 ## - ПОЛЕ КОДИРОВАННЫХ ДАННЫХ: ТЕКСТОВЫЕ МАТЕРИАЛЫ, МОНОГРАФИЧЕСКИЕ
Кодированные данные о монографическом текстовом документе a z |||||
200 1# - ЗАГЛАВИЕ И СВЕДЕНИЯ ОБ ОТВЕТСТВЕННОСТИ
Основное заглавие Флора Восточного Хангая (МНР)
Первые сведения об ответственности [Л.Г. Бязров, И.А. Губанов, Э. Ганболд и др.
Последующие сведения об ответственности Редкол.: А.К. Скворцов (отв. ред.) и др.]
-- [АН СССР, Акад. наук МНР, Совмест. сов.-монг. комплекс. биол. экспедиция
-- Редкол.: Е.М. Лавренко, В.Е. Соколов (гл. редакторы) и др.]
210 ## - ПУБЛИКАЦИЯ, РАСПРОСТРАНЕНИЕ И ДР.
Место издания, распространения и т.д. Москва
Имя издателя, распространителя и т. д. Наука
Дата издания, распространения и т.д. 1983
215 ## - ФИЗИЧЕСКАЯ ХАРАКТЕРИСТИКА
Специфическое обозначение материала и объем 185 с.
Другие сведения о физической характеристике ил.
Размеры 26
300 ## - ОБЩИЕ ПРИМЕЧАНИЯ
Текст примечания На обл. только загл. тома
320 ## - ПРИМЕЧАНИЯ О НАЛИЧИИ В ДОКУМЕНТЕ БИБЛИОГРАФИИ / УКАЗАТЕЛЯ
Текст примечания Библиогр.: с. 165-166
461 #0 - УРОВЕНЬ НАБОРА
Встроенное поле 001rc\3503945
-- 2001#$aБиологические ресурсы и природные условия Монгольской Народной Республики$dБугд найрамдах Монгол ард улсын байгалийн баялаг$e[Сборник статей$fРед. коллегия: Е.М. Лавренко (гл. ред.) и др.]$g[АН СССР. Зоол. ин-т. АН МНР. Ин-т биологии. Совместная Сов.-Монг. комплексная биол. экспедиция]$vТ. 20
Системный номер (АБИС) связанной записи 6499110
Место публикации Ленинград
Дата публикации 1972-
Первые сведения об ответственности Ред. коллегия: Е.М. Лавренко (гл. ред.) и др.]
Параллельное заглавие Бугд найрамдах Монгол ард улсын байгалийн баялаг
Имя издателя, распространителя и т.д. Наука. Ленингр. отд-ние
Сведения, относящиеся к заглавию [Сборник статей
Заглавие Биологические ресурсы и природные условия Монгольской Народной Республики
ISBN 5020265993
Номер тома Т. 20
532 12 - РАСШИРЕННОЕ ЗАГЛАВИЕ
Заглавие Флора Восточного Хангая Монгольская Народная Республика
701 #1 - ИМЯ ЛИЦА - АЛЬТЕРНАТИВНАЯ ОТВЕТСТВЕННОСТЬ
Код отношения Автор
Графика поля Кириллица
Материалы, к которым относится поле rus
Начальный элемент ввода Губанов
Часть имени, кроме начального элемента ввода И. А.
Даты 1933-2005
Расширение инициалов личного имени Иван Алексеевич
Системный номер авторитетной/нормативной записи 138711
Идентификатор авторитетной/нормативной записи RU\NLR\AUTH\770138746
701 #1 - ИМЯ ЛИЦА - АЛЬТЕРНАТИВНАЯ ОТВЕТСТВЕННОСТЬ
Начальный элемент ввода Ганболд
Часть имени, кроме начального элемента ввода Э.
701 #1 - ИМЯ ЛИЦА - АЛЬТЕРНАТИВНАЯ ОТВЕТСТВЕННОСТЬ
Начальный элемент ввода Бязров
Часть имени, кроме начального элемента ввода Л.
Расширение инициалов личного имени Л.Г
702 #1 - ИМЯ ЛИЦА - ВТОРИЧНАЯ ОТВЕТСТВЕННОСТЬ
Начальный элемент ввода Лавренко
Часть имени, кроме начального элемента ввода Е.М.
Расширение инициалов личного имени Евгений Михайлович
Код отношения Редактор
702 #1 - ИМЯ ЛИЦА - ВТОРИЧНАЯ ОТВЕТСТВЕННОСТЬ
Начальный элемент ввода Скворцов
Часть имени, кроме начального элемента ввода А.К.
Код отношения Редактор
702 #1 - ИМЯ ЛИЦА - ВТОРИЧНАЯ ОТВЕТСТВЕННОСТЬ
Код отношения Редактор
Материалы, к которым относится поле rus
Графика поля Кириллица
Начальный элемент ввода Соколов
Часть имени, кроме начального элемента ввода В. Е.
Дополнения к именам, кроме дат д-р биол. наук
Даты 1928-1998
Расширение инициалов личного имени Владимир Евгеньевич
Идентификатор авторитетной/нормативной записи RU\NLR\AUTH\77146
Системный номер авторитетной/нормативной записи 110223
801 #0 - ИСТОЧНИК ЗАПИСИ
Страна Российская Федерация
Организация NLR
Правила каталогизации psbo
801 #1 - ИСТОЧНИК ЗАПИСИ
Страна Российская Федерация
Организация ELAR
Источник данных rusmarc
852 ## - МЕСТОНАХОЖДЕНИЕ И ШИФР ХРАНЕНИЯ
Идентификатор организации NLR
Шифр хранения (Call Number) 72-7/635
942 ## - ДОПОЛНИТЕЛЬНЫЕ ЭЛЕМЕНТЫ ЗАПИСИ (АБИС)
Тип экземпляра АБИС Книга
980 ## - КОЛЛЕКЦИЯ
Название коллекции Национальная библиография
Экземпляры
Тип экземпляра Дата поступления Библиотека постоянного хранения Библиотека текущего хранения Место хранения Шифр хранения Штрих-код Статус экземпляра
Книга 26.10.2013 РНБ (Московский) РНБ (Московский) Русский книжный фонд: издания с 1957 года 72-7/635 7677250-10